Sports Quiz

Random Sports or Auto Racing Quiz

Winners of the Belgian Grand Prix Quiz Stats

 Plays Quiz not verified by Sporcle

Also try: Sports Logos II
Challenge
Share
Tweet
Embed
Score 0/72 Timer 10:00
0 Plays Today
Year Driver % Correct
1992Michael Schumacher
98.7%
1995Michael Schumacher
98.7%
1996Michael Schumacher
98.7%
1997Michael Schumacher
98.7%
2001Michael Schumacher
98.7%
2002Michael Schumacher
98.7%
2015Lewis Hamilton
97.3%
2016Nico Rosberg
97.3%
1985Ayrton Senna
96.9%
1988Ayrton Senna
96.9%
1989Ayrton Senna
96.9%
1990Ayrton Senna
96.9%
1991Ayrton Senna
96.9%
1993Damon Hill
96.9%
1994Damon Hill
96.9%
1998Damon Hill
96.9%
2010Lewis Hamilton
96.9%
1961Phil Hill
96.2%
1999David Coulthard
95.6%
2004Kimi Räikkönen
95.6%
2005Kimi Räikkönen
95.6%
2007Kimi Räikkönen
95.6%
2009Kimi Räikkönen
95.6%
2013Sebastian Vettel
95%
2000Mika Häkkinen
95%
2011Sebastian Vettel
95%
2012Jenson Button
95%
1983Alain Prost
93.7%
1987Alain Prost
93.7%
1975Niki Lauda
91.2%
1976Niki Lauda
91.2%
2008Felipe Massa
89.9%
1973Jackie Stewart
88.7%
2014Daniel Ricciardo
88.3%
1986Nigel Mansell
88.1%
1950Juan Manuel Fangio
87.4%
Year Driver % Correct
1954Juan Manuel Fangio
87.4%
1955Juan Manuel Fangio
87.4%
1962Jim Clark
86.2%
1963Jim Clark
86.2%
1964Jim Clark
86.2%
1965Jim Clark
86.2%
1972Emerson Fittipaldi
85.5%
1974Emerson Fittipaldi
85.5%
1925Antonio Ascari
81.8%
1952Alberto Ascari
81.8%
1953Alberto Ascari
81.8%
1978Mario Andretti
78%
1960Jack Brabham
75.5%
1979Jody Scheckter
75.5%
1951Giuseppe Farina
71.1%
1966John Surtees
67.3%
1968Bruce McLaren
63.5%
1981Carlos Reutemann
61%
1982John Watson
55.3%
1980Didier Pironi
54.1%
1984Michele Alboreto
52.8%
1967Dan Gurney
50.9%
1958Tony Brooks
48.4%
1933Tazio Nuvolari
42.8%
1956Peter Collins
40.9%
1977Gunnar Nilsson
38.4%
1935Rudolf Caracciola
34%
1970Pedro Rodriguez
32.7%
1930Louis Chiron
28.3%
1939Hermann Lang
16.4%
1947Jean-Pierre Wimille
15.1%
1931Willam Grover-Williams/Caberto Conelli
13.8%
1949Louis Rosier
13.2%
1934René Dreyfus
8.2%
1937Rudolf Hasse
5.7%
1946Eugène Chaboud
3.8%

You're not logged in!

Compare scores with friends on all Sporcle quizzes.
Join for Free
OR
Log In

You Might Also Like...

Show Comments

Extras

Top Quizzes Today


Score Distribution

Your Account Isn't Verified!

In order to create a playlist on Sporcle, you need to verify the email address you used during registration. Go to your Sporcle Settings to finish the process.

Report this User

Report this user for behavior that violates our Community Guidelines.

Details: